| 000 | 00820nam a2200229 a 4500 | ||
|---|---|---|---|
| 001 | 49254 | ||
| 003 | BD-RjUL | ||
| 005 | 20211209054645.0 | ||
| 008 | 160818s2000 BG a|||| |||| 00| 0 ben d | ||
| 020 |
_a9847000220 _c: TK. 50.00 |
||
| 035 | _a(BD-RjUL)49373 | ||
| 040 |
_aBD-RjUL _bben _cBD-RjUL |
||
| 041 | _aben | ||
| 082 |
_223 _a891.443 _bAJE 2000 |
||
| 100 | 1 |
_aআজিজ, লুৎফুন্নেসা _9127941 |
|
| 245 | 1 | 0 |
_aএক অধ্যায় / _cলুৎফুন্নেসা আজিজ |
| 260 |
_aঢাকা : _bসম্ম্রাজ্ঞী প্রকাশনী, _c২০০০ |
||
| 300 |
_a৪০ পৃ. : _c২১ সেমি. _bচিত্র ; |
||
| 650 |
_aবাংলা উপন্যাস _9147972 |
||
| 650 |
_aBengali Fiction _9147973 |
||
| 942 |
_2ddc _cBK |
||
| 999 |
_c49254 _d49254 |
||